Problems of Education in the 21st Century
Salvato in:
| Natura: | Periodico |
|---|---|
| Pubblicazione: |
Siauliai
Scientia Socialis
|
| Tags: |
Nessun Tag, puoi essere il primo ad aggiungerne!!
|
MARC
| LEADER | 00000nas1a2200000 4500 | ||
|---|---|---|---|
| 001 | 0270025 | ||
| 005 | 20250627110546.5 | ||
| 022 | |a 1822-7864 | ||
| 022 | |a 2538-7111 | ||
| 044 | |a LT | ||
| 245 | 1 | 0 | |a Problems of Education in the 21st Century |
| 264 | 1 | |a Siauliai |b Scientia Socialis | |